000 01085nam a22002417a 4500
005 20110429165957.0
008 110429t xxu||||| |||| 00| 0 mar d
010 _aMAR-20790
020 _c200.00
_a9788174344649
035 _aMR-13448
037 _bDBAD / PUB
040 _aDPL
_bMR
082 _a954
100 _aरानडे,प्रतिभा
_927525
245 _aफाळणी ते फाळणी /
_cप्रतिभा रानडे : आनंद हर्डीकर द्वारा संपादित
246 _aPhalanee Te Phalanee
_bby Pratibha Ranade
260 _aपुणे
_bराजहंस प्रकाशन
_c2009
270 _a1025,सदाशिव पेठ
_bपुणे
300 _aअकरा,217पृ
_c21 सेमी (अजिल्द)
700 _927590
_aहर्डीकर,आनंद
942 _2ddc
_cMR
_mरानडे
_h954
999 _c52103
_d52103